000 00571nam a2200217Ia 4500
005 20250425162626.0
008 250425s9999 xx 000 0 und d
020 _a958048483X
041 _aspa
082 _a658.4
100 _aDECKER, CHARLES
245 0 _aLECCIONES DESDE LA COLMENA: COMO SOBREVIVIR Y PROSPERAR EN EL MUNDO LABORAL CAMBIANTE
250 _aS.E.
260 _aBOGOTA
260 _aColombia
_bNORMA
_c2005
300 _a144
650 _aADMINISTRACION DE EMPRESAS
650 _aADMINISTRACION DE PERSONAL
942 _c01
010 _a90894
999 _c233108
_d233108